Trăng non Tiểu thuyết

Bewaard in:
Bibliografische gegevens
Hoofdauteur: Ma Văn Kháng
Formaat: Boek
Taal:Vietnamese
Gepubliceerd in: H. Tác phẩm mới 1984
Onderwerpen:
Tags: Voeg label toe
Geen labels, Wees de eerste die dit record labelt!
Thư viện lưu trữ: Mạng thư viện Đại học Đà Nẵng
LEADER 01252nam a22003498a 4500
001 000005391
003 1535
005 20120417100447.0
008 110816s1984 b 000 0 vieod
020 |c 6000đ  |d 10100b 
041 0 |a vie 
082 |a 895.9223  |b MA-K 
084 |a V6(1)7-44  |b TR116N 
100 1 |a Ma Văn Kháng 
245 1 0 |a Trăng non  |b Tiểu thuyết  |c Ma Văn Kháng 
260 |a H.  |b Tác phẩm mới  |c 1984 
300 |a 203tr  |c 19cm 
653 |a tiểu thuyết 
653 |a Văn học hiện đại 
653 |a Việt Nam 
OWN |a LSP 
AVA |a UDN50  |b LNN  |d 895.9223 NG-C  |e available  |t Error 5001 Not defined in file expand_doc_bib_avail.  |f 1  |g 0  |h N  |i 0 
AVA |a UDN50  |b LSP  |d 895.9223 MA-K  |e unavailable  |t Error 5002 Not defined in file expand_doc_bib_avail.  |f 1  |g 1  |h N  |i 0  |k 1 
999 |a From the UDN01 
AVA |a UDN50  |b LNN  |d 895.9223 NG-C  |e available  |t Error 5001 Not defined in file expand_doc_bib_avail.  |f 1  |g 0  |h N  |i 0 
AVA |a UDN50  |b LSP  |d 895.9223 MA-K  |e unavailable  |t Error 5002 Not defined in file expand_doc_bib_avail.  |f 1  |g 1  |h N  |i 0  |k 1 
TYP |a Monograph 
TYP |a Printed language 
980 |a Mạng thư viện Đại học Đà Nẵng